000 01888cam a2200397Ia 4500
001 5570405
003 OSt
005 20211109145038.0
008 060202s2005 enka b 001 0 eng d
020 _a9780750663229
035 _a(OCoLC)ocm63266990
035 _a(NNC)5570405
038 _akhadija
040 _aCIT
_cCIT
_dVP@
_dBAKER
_dNNC
082 _a624.1
_bZIE
090 _aTA640.2
_b 2009
100 1 _aZienkiewicz, O. C.
_98922
245 1 4 _aThe finite element method for fluid dynamics /
_cO.C. Zienkiewicz, R.L. Taylor, and P. Nithiarasu.
250 _a6th ed.
260 _aOxford ;
_aBoston :
_bElsevier Butterworth-Heinemann,
_c2009.
300 _axii, 435 p. :
_bill. :
_c26 cm.
500 _aPrevious ed.: 2000.
500 _a"In the present edition we retain the three volume format of the fifth edition but have decided not to pursue the course of having three contiguous volumes -- rather we treat the whole work as an assembly of three separate works, each one capable of being used without the others ... The first volume is renamed The Finite Element Method: Its Basis and Foundamentals...In [the second] volume we consider more advanced problems in solid and structural mechanics while in a third volume we consider applications in fluid dynamics"--Preface.
504 _aIncludes bibliographical references and indexes.
563 _aHardcover
650 0 _aFinite element method.
_91938
650 0 _aMechanics, Applied.
_913090
650 0 _aFluid dynamics.
_91384
700 1 _aTaylor, Robert L.
_q(Robert Leroy),
_d1934-
_982789
700 1 _aNithiarasu, Perumal.
_983732
700 1 _aZienkiewicz, O. C.
_tFinite element method: its basis and fundamentals.
_983733
700 1 _aZienkiewicz, O. C.
_tFinite element method for solid and structural mechanics.
_983734
942 _2ddc
_cBK
948 1 _a20060308
_bc
_crch2
_dMPS
999 _c33192
_d33192